Slavery : (Record no. 175683)
[ view plain ]
| 000 -LEADER | |
|---|---|
| fixed length control field | 00616cam2a220020500 4500 |
| 001 - CONTROL NUMBER | |
| control field | qce01049257 |
| 005 - DATE AND TIME OF LATEST TRANSACTION | |
| control field | 20190827090959.0 |
| 008 - FIXED-LENGTH DATA ELEMENTS--GENERAL INFORMATION | |
| fixed length control field | 750827s1969 gh eng d |
| 035 ## - SYSTEM CONTROL NUMBER | |
| System control number | (Sirsi) r108016 |
| 035 ## - SYSTEM CONTROL NUMBER | |
| System control number | (eQCAT)lss00968142 |
| 035 ## - SYSTEM CONTROL NUMBER | |
| System control number | (UPRA)qce01049257 |
| 040 ## - CATALOGING SOURCE | |
| Modifying agency | UPRA |
| 100 2# - MAIN ENTRY--PERSONAL NAME | |
| Personal name | Ofosu-Appiah, L. H. |
| Linkage | A39826.1 |
| 245 10 - TITLE STATEMENT | |
| Title | Slavery : |
| Remainder of title | a brief survey / |
| Statement of responsibility, etc. | by L.H. Ofosu-Appiah. |
| 260 ## - PUBLICATION, DISTRIBUTION, ETC. | |
| Place of publication, distribution, etc. | Accra [Ghana] : |
| Name of publisher, distributor, etc. | Waterville Pub. House, |
| Date of publication, distribution, etc. | [1969] |
| 504 ## - BIBLIOGRAPHY, ETC. NOTE | |
| Bibliography, etc. note | Bibliography: p. 112-113. |
| 650 #0 - SUBJECT ADDED ENTRY--TOPICAL TERM | |
| Topical term or geographic name entry element | Slavery. |
| Linkage | S3416.1 |
| 949 ## - LOCAL PROCESSING INFORMATION (OCLC) | |
| a | HT1321 |
| w | lcc |
| i | -154000 |
| m | MAIN |
| t | BOOK |
| l | ON-SHELF |
No items available.